[Event "HUN-chT2 Barcza 0809"]
[Site "Hungary"]
[Date "2009.03.08"]
[Round "9.6"]
[White "Galko, Tibor"]
[Black "Balogh, Imre Jr"]
[Result "1/2-1/2"]
[WhiteElo "1914"]
[BlackElo "2031"]
[PlyCount "41"]
[EventDate "2008.10.26"]
[EventType "team-tourn"]
[EventRounds "11"]
[EventCountry "HUN"]
[SourceTitle "EXT 2010"]
[Source "ChessBase"]
[SourceDate "2010.11.25"]
[SourceVersion "1"]
[SourceVersionDate "2010.11.25"]
[SourceQuality "1"]
[WhiteTeam "Edeleny"]
[BlackTeam "DEAC"]
[WhiteTeamCountry "HUN"]
[BlackTeamCountry "HUN"]

1. e4 Nf6 2. Nc3 e5 3. Bc4 Nc6 4. d3 d6 5. f4 a6 6. a3 Be6 7. f5 Bxc4 8. dxc4 Be7 9. Be3 Qd7 10. g4 h6 11. h3 Nh7 12. Nf3 Bg5 13. Qd2 Bxe3 14. Qxe3 Nf6 15. 0-0-0 Qe7 16. Qd3 0-0-0 17. b4 Na7 18. a4 Kb8 19. b5 a5 20. Nd5 Nxd5 21. Qxd5 1/2-1/2

[Event "HUN-chT2 Barcza 0809"]
[Site "Hungary"]
[Date "2008.11.30"]
[Round "3.7"]
[White "Balogh, Imre Jr"]
[Black "Heidrich, Mate"]
[Result "1-0"]
[WhiteElo "2031"]
[BlackElo "1916"]
[PlyCount "79"]
[EventDate "2008.10.26"]
[EventType "team-tourn"]
[EventRounds "11"]
[EventCountry "HUN"]
[SourceTitle "EXT 2010"]
[Source "ChessBase"]
[SourceDate "2010.11.25"]
[SourceVersion "1"]
[SourceVersionDate "2010.11.25"]
[SourceQuality "1"]
[WhiteTeam "DEAC"]
[BlackTeam "SSASSE"]
[WhiteTeamCountry "HUN"]
[BlackTeamCountry "HUN"]

1. e4 e5 2. Nf3 Nc6 3. Bb5 a6 4. Ba4 Nf6 5. 0-0 Be7 6. Re1 b5 7. Bb3 0-0 8. c3 d5 9. exd5 Nxd5 10. Nxe5 Nxe5 11. Rxe5 c6 12. Bxd5 cxd5 13. d4 Bd6 14. Re1 Qh4 15. g3 Qh3 16. Qf3 Bf5 17. Qg2 Qh5 18. f3 Rae8 19. Be3 Bh3 20. Qf2 f5 21. f4 g5 22. Nd2 Re6 23. Qf3 Qg6 24. Qxd5 Rfe8 25. fxg5 Kh8 26. Bf2 f4 27. Rxe6 Rxe6 28. Re1 Rxe1+ 29. Bxe1 Bc7 30. Qe4 Bf5 31. Qe7 Bd6 32. Qf6+ Qxf6 33. gxf6 fxg3 34. Bxg3 Bxg3 35. hxg3 Kg8 36. Kf2 Kf7 37. Ke3 Kxf6 38. Kf4 Bd3 39. Ne4+ Ke6 40. Nc5+ 1-0

[Event "HUN-chT2 Barcza 0809"]
[Site "Hungary"]
[Date "2008.11.02"]
[Round "2.8"]
[White "Balogh, Imre Jr"]
[Black "Kun, Sandor2222"]
[Result "1-0"]
[WhiteElo "2031"]
[BlackElo "2063"]
[PlyCount "123"]
[EventDate "2008.10.26"]
[EventType "team-tourn"]
[EventRounds "11"]
[EventCountry "HUN"]
[SourceTitle "EXT 2010"]
[Source "ChessBase"]
[SourceDate "2010.11.25"]
[SourceVersion "1"]
[SourceVersionDate "2010.11.25"]
[SourceQuality "1"]
[WhiteTeam "DEAC"]
[BlackTeam "Hajduszoboszlo"]
[WhiteTeamCountry "HUN"]
[BlackTeamCountry "HUN"]

1. e4 e5 2. Nf3 Nc6 3. Bb5 a6 4. Ba4 Nf6 5. 0-0 Be7 6. Re1 b5 7. Bb3 0-0 8. c3 d5 9. exd5 Nxd5 10. Nxe5 Nxe5 11. Rxe5 Nf6 12. d4 Bd6 13. Re1 Ng4 14. h3 Qh4 15. Qf3 h5 16. Be3 Nxe3 17. Rxe3 Qf4 18. Qxf4 Bxf4 19. Re2 Bf5 20. Na3 Bd3 21. Re7 Rae8 22. Bxf7+ Rxf7 23. Rxe8+ Kh7 24. Rd1 Bg6 25. Re6 Bd6 26. Nb1 Bf5 27. Ree1 c5 28. a3 cxd4 29. cxd4 b4 30. axb4 Bxb4 31. Nc3 a5 32. Re2 g5 33. Ne4 Kg6 34. f3 g4 35. hxg4 hxg4 36. Rc1 Rd7 37. Rd1 Be6 38. Nc5 Bxc5 39. Rxe6+ Kf7 40. Re4 g3 41. Kf1 Bd6 42. Ke2 Rb7 43. Rd2 Kf6 44. Rh4 Kg5 45. Rh8 Re7+ 46. Kd3 Re1 47. Re2 Rd1+ 48. Ke4 Rf1 49. Rc8 Rf2 50. Rxf2 gxf2 51. Rc1 Kh4 52. Ke3 Kg3 53. Rf1 a4 54. Rxf2 Bf4+ 55. Ke4 Kxf2 56. Kxf4 Ke2 57. d5 Kd2 58. d6 Kc2 59. d7 Kxb2 60. d8Q a3 61. g4 a2 62. Qa8 1-0

[Event "Gyongyos Matra Cup"]
[Site "Gyongyos"]
[Date "2004.08.02"]
[Round "6"]
[White "Balogh, Imre Jr"]
[Black "Antal, Attila"]
[Result "1-0"]
[WhiteElo "1952"]
[BlackElo "2075"]
[PlyCount "75"]
[EventDate "2004.07.27"]
[EventType "swiss"]
[EventRounds "9"]
[EventCountry "HUN"]
[SourceTitle "EXT 2008"]
[Source "ChessBase"]
[SourceDate "2007.11.25"]
[SourceVersion "1"]
[SourceVersionDate "2007.11.25"]
[SourceQuality "1"]

1. e4 e5 2. Nf3 Nc6 3. Bb5 a6 4. Ba4 Nf6 5. 0-0 Be7 6. Re1 b5 7. Bb3 0-0 8. c3 d5 9. exd5 Nxd5 10. Nxe5 Nxe5 11. Rxe5 c6 12. Bxd5 cxd5 13. d4 Bd6 14. Re1 Qh4 15. g3 Qh3 16. Qf3 Bg4 17. Qxd5 Rae8 18. Rxe8 Rxe8 19. Be3 Kh8 20. Nd2 Bb8 21. Qxf7 Rg8 22. Qd5 Be6 23. Qg2 Qf5 24. Qe4 Qh3 25. Qh4 Qf5 26. Qe4 Qh3 27. Nf3 h6 28. Qh4 Qf5 29. Bxh6 Rf8 30. Bf4+ Kg8 31. Re1 Bxf4 32. Qxf4 Qh5 33. Qe5 Bf5 34. Nh4 Qg4 35. Nxf5 Rxf5 36. Qe4 Qg5 37. h4 Qf6 38. Qe6+ 1-0

[Event "Gyongyos Matra Cup"]
[Site "Gyongyos"]
[Date "2004.07.27"]
[Round "1"]
[White "Bereczki, Janos"]
[Black "Balogh, Imre Jr"]
[Result "1-0"]
[WhiteElo "2174"]
[BlackElo "1952"]
[PlyCount "47"]
[EventDate "2004.07.27"]
[EventType "swiss"]
[EventRounds "9"]
[EventCountry "HUN"]
[SourceTitle "EXT 2008"]
[Source "ChessBase"]
[SourceDate "2007.11.25"]
[SourceVersion "1"]
[SourceVersionDate "2007.11.25"]
[SourceQuality "1"]

1. d4 d5 2. c4 c6 3. Nf3 Nf6 4. g3 Bf5 5. Nc3 Nbd7 6. cxd5 Nxd5 7. Nxd5 cxd5 8. Qb3 Nb6 9. Bd2 g6 10. e3 Bg7 11. Bb5+ Bd7 12. Be2 0-0 13. Ba5 e6 14. 0-0 Rc8 15. Rac1 Bc6 16. Rc3 f6 17. Rfc1 e5 18. Bxb6 axb6 19. Bb5 Qd7 20. Bxc6 Rxc6 21. Rxc6 bxc6 22. Qxb6 Rc8 23. Kg2 exd4 24. Nxd4 1-0

[Event "Gyongyos Matra Cup"]
[Site "Gyongyos"]
[Date "2003.07.29"]
[Round "7"]
[White "Balogh, Imre Jr"]
[Black "Balog, Marton"]
[Result "1/2-1/2"]
[WhiteElo "1882"]
[BlackElo "2127"]
[PlyCount "112"]
[EventDate "2003.07.22"]
[EventType "swiss"]
[EventRounds "9"]
[EventCountry "HUN"]
[SourceTitle "EXT 2005"]
[Source "ChessBase"]
[SourceDate "2004.11.15"]
[SourceVersion "1"]
[SourceVersionDate "2004.11.15"]
[SourceQuality "1"]

1. e4 c5 2. Bc4 e6 3. Qe2 Nc6 4. c3 g6 5. Nf3 Bg7 6. 0-0 Nge7 7. h3 0-0 8. d3 d6 9. Bg5 Qc7 10. Qe3 a6 11. Bh6 Na5 12. Nbd2 b5 13. Bxg7 Kxg7 14. Bb3 Bb7 15. Bc2 e5 16. Nb3 Rac8 17. Rac1 f6 18. Nxa5 Qxa5 19. a3 Rfd8 20. d4 Qc7 21. dxe5 dxe5 22. Rfd1 c4 23. Qe2 Nc6 24. Rxd8 Rxd8 25. Rd1 Na5 26. Rxd8 Qxd8 27. Qd2 Qxd2 28. Nxd2 Bc8 29. f3 Be6 30. Kf2 Kf7 31. h4 h6 32. g3 Nb7 33. Ke3 g5 34. hxg5 hxg5 35. g4 Na5 36. Nf1 Nc6 37. Nd2 a5 38. Nb1 Ke7 39. Kd2 Kd6 40. Ke3 Kc5 41. Kd2 Na7 42. Kd1 b4 43. Kc1 Nc8 44. Bd1 Nb6 45. Bc2 Bd7 46. Bd1 Bc6 47. Kd2 bxa3 48. bxa3 Ba4 49. Bxa4 Nxa4 50. Kc2 Kb5 51. Nd2 Nb6 52. Kb2 Nd7 53. Ka2 Nc5 54. Kb2 Nd3+ 55. Ka2 Nc5 56. Kb2 Nd3+ 1/2-1/2

[Event "Gyongyos Matra Cup"]
[Site "Gyongyos"]
[Date "2003.07.28"]
[Round "6"]
[White "Eberth, Zoltan"]
[Black "Balogh, Imre Jr"]
[Result "1/2-1/2"]
[WhiteElo "2213"]
[BlackElo "1882"]
[PlyCount "20"]
[EventDate "2003.07.22"]
[EventType "swiss"]
[EventRounds "9"]
[EventCountry "HUN"]
[SourceTitle "EXT 2005"]
[Source "ChessBase"]
[SourceDate "2004.11.15"]
[SourceVersion "1"]
[SourceVersionDate "2004.11.15"]
[SourceQuality "1"]

1. e4 Nf6 2. Nc3 d5 3. exd5 Nxd5 4. Bc4 e6 5. Nf3 Nxc3 6. bxc3 Be7 7. 0-0 0-0 8. d4 b6 9. Re1 Bb7 10. Bf4 Nd7 1/2-1/2

[Event "Gyongyos Matra Cup"]
[Site "Gyongyos"]
[Date "2003.07.22"]
[Round "1"]
[White "Balogh, Imre Jr"]
[Black "Havasi, Janos"]
[Result "1/2-1/2"]
[WhiteElo "1882"]
[BlackElo "2232"]
[PlyCount "65"]
[EventDate "2003.07.22"]
[EventType "swiss"]
[EventRounds "9"]
[EventCountry "HUN"]
[SourceTitle "EXT 2005"]
[Source "ChessBase"]
[SourceDate "2004.11.15"]
[SourceVersion "1"]
[SourceVersionDate "2004.11.15"]
[SourceQuality "1"]

1. e4 e6 2. d4 d5 3. exd5 Qxd5 4. Nf3 g6 5. Bd3 Bg7 6. c3 Nf6 7. 0-0 0-0 8. Be3 b6 9. Nbd2 Bb7 10. Bg5 Nbd7 11. Re1 c5 12. Ne4 cxd4 13. Nxf6+ Nxf6 14. Bxf6 Bxf6 15. Be4 Qd7 16. Bxb7 Qxb7 17. Nxd4 Rab8 18. Nf3 Rfd8 19. Qe2 Rd7 20. Rad1 Rbd8 21. h3 a5 22. Rxd7 Qxd7 23. Ne5 Qc7 24. Ng4 Bg7 25. Rd1 h5 26. Ne3 Bf8 27. Rxd8 Qxd8 28. Qd1 Qc7 29. Qd3 Bc5 30. b3 Qe5 31. a4 Kg7 32. Qd2 Qe4 33. Qc1 1/2-1/2